| 000 | 00437nam a2200181Ia 4500 | ||
|---|---|---|---|
| 005 | 20250423101316.0 | ||
| 008 | 250422s9999 xx 000 0 und d | ||
| 020 | _a978-978-963-869-7 | ||
| 050 | _aKC 110 .O5/ | ||
| 100 | _aOke, Yemi | ||
| 245 | 4 | _aThe Law and Practice of International Institutions. | |
| 260 | _aLagos | ||
| 260 | _bPrinceton | ||
| 260 | _c2018 | ||
| 300 | _a712 p | ||
| 650 | _ainternational law | ||
| 942 | _cBK | ||
| 999 |
_c35927 _d35927 |
||